| 000 | 00805nam a22002297a 4500 | ||
|---|---|---|---|
| 999 |
_c901 _d901 |
||
| 003 | AR-CdUCM | ||
| 008 | 190225b ||||| |||| 00| 0 spa d | ||
| 040 |
_aMUNICIPALIDAD PROVINCIAL DEL CUSCO _cBIBLIOTECA MUNICIPAL DEL CUSCO |
||
| 041 | _hfr. | ||
| 082 |
_a370.82 / _bM36 |
||
| 100 |
_aMédici, Ángela _93462 |
||
| 245 | _aLa escuela y el niño / | ||
| 260 |
_aEspaña : _bEdit.Luis Miracle SA, _c1961. |
||
| 300 |
_a168 paginas ; _c19 cm. |
||
| 505 | _aHacia los tres años --Al principio --Como la personalidad del pequeño colegial --Los progresos que significa considerar al educador ... | ||
| 650 |
_aEducación inicial _93463 |
||
| 650 |
_aSistema pedagógico _93464 |
||
| 650 |
_aSocialización _93100 |
||
| 700 |
_aTeresa Novell _93465 |
||
| 942 |
_2ddc _cLIBROS |
||
| 945 |
_arjall _d2019-02-25 |
||